[Event "Olympiad-38"]
[Site "Dresden"]
[Date "2008.11.17"]
[Round "5"]
[White "Volokitin, Andrei"]
[Black "Balogh, Csaba"]
[Result "1/2-1/2"]
[WhiteElo "2659"]
[BlackElo "2616"]
[Annotator "Kritz,L"]
[PlyCount "74"]
[EventDate "2008.11.13"]
[EventType "team-swiss"]
[EventRounds "11"]
[EventCountry "GER"]
[SourceTitle "CBM 128"]
[Source "ChessBase"]
[SourceDate "2009.01.28"]
[SourceVersion "1"]
[SourceVersionDate "2009.01.28"]
[SourceQuality "1"]
[WhiteTeam "Ukraine"]
[BlackTeam "Hungary"]
[WhiteTeamCountry "UKR"]
[BlackTeamCountry "HUN"]

1. e4 e5 2. Nf3 Nc6 3. Bb5 Nf6 4. O-O Nxe4 5. d4 Nd6 6. Bxc6 dxc6 7. dxe5 Nf5
8. Qxd8+ Kxd8 9. Nc3 Ke8 10. h3 h6 {Eine eher seltene, aber interessante
Fortsetzung. Schwarz steht ziemlich solide.} 11. Bf4 (11. Ne4 c5 $1 {Schwarz
bereitet unter anderem Nd4 vor, wonach er seine Bauernstruktur verbessern kann.
} 12. c3 (12. Rd1 b6 $11 {Offensichtlich hat Weiß den falschen Turm nach d1
gestellt. Schwarz kommt nach Bb7-Rd8 sogar zum besseren Spiel.}) (12. g4 Nd4
13. Nxd4 cxd4 14. Rd1 h5 15. f3 hxg4 16. hxg4 c5 17. c3 Be6 $1 18. Kg2 (18.
cxd4 Bd5 $1 19. dxc5 (19. Be3 Bxe4 20. fxe4 cxd4 21. Bxd4 Rh4 $11) 19... Bxe4
20. fxe4 Bxc5+ 21. Kg2 Ke7 22. Bg5+ Ke6 23. Rd5 Rac8 $11 {Der verdoppelte
Mehrbauer spielt keine große Rolle.}) 18... dxc3 19. bxc3 Be7 20. Be3 b6 $11
21. a4 f6 22. Nd6+ Bxd6 23. Rxd6 Kf7 24. Bf4 Rhd8 25. Rad1 Rxd6 26. Rxd6 Ke7
27. a5 Rd8 28. axb6 axb6 29. Rxb6 Rd3 30. Rb7+ Bd7 31. c4 Rd4 32. exf6+ gxf6
33. Bc1 Rxc4 34. Bb2 Ke8 35. Kg3 Rb4 36. Rxb4 cxb4 37. Bxf6 Kf7 38. Bb2 Kg6 {
1/2-1/2 Almasi,Z (2668)-Balogh,C (2624)/Nyiregyhaza HUN 2008}) 12... b6 13. Re1
Be6 14. g4 {1/2-1/2 Kasparov - Kramnik (London, 2000) Wegen der Schwäche der
weißen Felder im eigenen Lager hat Weiß keinen Vorteil.}) (11. g4 Ne7 12. Kg2 (
12. Nd4 h5 (12... c5 13. Ndb5 Kd7 14. Ne4 Kc6 15. c4 g5 $1 $132) 13. f3 Ng6 $15
) 12... Ng6 13. Ne4 Be6 14. Kg3 Rd8 15. Bd2 Be7 16. Rfe1 c5 17. Bc3 Kd7 18.
Rad1+ {1/2-1/2 Naiditsch - Slobodjan (Saarbruecken, 2002) Nachdem der schwarze
König aus dem Zentrum verschwindet, ist die Stellung ohne jeden Vorteil für
Weiß.}) (11. b3 a5 12. Bb2 h5 13. a4 h4 $11 {Stellwagen - Sargissian (Wijk aan
Zee, 2008)}) 11... Bb4 $1 {Diese Idee gefällt mir sehr! Zuerst erzwingt
Schwarz den Springerabzug und danach versucht er seinen weißfeldrigen Läufer
über d5 ins Spiel zu bringen. Sieht sehr logisch aus.} 12. Ne4 (12. Ne2 Be6 13.
Nfd4 (13. b3 Rd8 $11 {/\Kd7-Kc8}) 13... Nxd4 14. Nxd4 Bc4 15. Rfd1 Rd8 16. a3
Be7 17. Nf5 Rxd1+ 18. Rxd1 Bf8 $11) 12... Be6 13. c3 (13. a3 $2 {sieht
logischer aus, denn Weiß schwächt nicht den Punkt d3, doch dieser Zug hat
einen anderen Nachteil - das Feld e1 bleibt für einen kurzen Augenblick im
Visier des schwarzen Läufers.} Bd5 $1 {Nun, wie so oft in der Berliner Mauer,
muss sich Weiß mit einzigen Zügen retten:} 14. axb4 (14. Ned2 Bxd2 15. Nxd2 Nd4
$17 {xc2, e2}) (14. Ng3 Nxg3 15. Bxg3 Bc5 16. Nd2 Ke7 17. c4 Be6 18. Ne4 Bd4
19. Rad1 Rhd8 $15) 14... Bxe4 15. Ne1 Nd4 16. Be3 Nxc2 17. Nxc2 Bxc2 18. Rfc1
Be4 19. Bxa7 $11) 13... Be7 14. g4 Nh4 15. Nxh4 Bxh4 {Nach allen
Zugumstellungen kam die Partie fast zu der Hauptstellung der Variante 9....
Ke8-Be7 mit zwei Unterschieden: der weiße Bauer steht auf c3 und der weiße
Springer auf e4.} 16. Bg3 (16. Nc5 Bc4 17. Rfd1 b6 18. b3 Be7 19. Be3 Be2 20.
Rd2 Bf3 21. Na6 Rc8 $11) 16... Bd5 $6 {Die Verbesserung der Variante hat Csaba
Balogh 5 Tage später gefunden:} (16... Bxg3 17. Nxg3 g5 $1 {Sieht katastrophal
aus - das Feld f6 ist für immer geschwächt... Doch das macht überhaupt nichts
aus. Wenn der Springer nach f6 kommt, hat er dort wenig zu tun. Schwarz kann
um ihm herum spielen. Tatsächlich glaube ich, dass die Stellungsbewertung hier
zwischen = und =/+ pendelt.} 18. b3 a5 19. c4 a4 20. Rad1 Ke7 21. Nf5+ Bxf5 22.
gxf5 axb3 23. axb3 Rhd8 $15 {Quezada Perez - Balogh (Dresden, 2008)}) 17. Bxh4
Bxe4 {Das entstandene Endspiel ist etwas besser für Weiß. Das größte Problem
für Schwarz ist der König, der die Verbindung der schwarzen Türme stört.} 18.
f3 Bd5 19. b3 (19. f4 $2 {um g5 zu verhindern} g5 $1 20. Bg3 (20. fxg5 hxg5 21.
Bxg5 Rxh3 $15) 20... gxf4 21. Bxf4 h5 22. g5 (22. gxh5 Rxh5 23. Kh2 Ke7 24. Rg1
Rah8 $36) 22... Rd8 $11) 19... g5 20. Be1 $1 {Weiß kann nur dann Gewinnchancen
behalten, wenn er den schwarzen König einschränkt. Kommt Schwarz mit dem König
nach e6 - ist die Stellung total remis.} Rd8 (20... Ke7 {ist zwar keine
Tragödie, aber trotzdem eine Ungenauigkeit.} 21. c4 Be6 22. Bb4+ Ke8 23. a4 $1
(23. Kg2 a5 24. Bc3 a4 $11 {Schwarz aktiviert seinen Turm über die a-Linie.})
23... a5 24. Ba3 b6 $1 25. Rad1 c5 $11 {und sie schwarze Stellung ist in
Ordnung, nachdem ...Rd8 gespielt ist.}) 21. Rd1 c5 22. c4 Bc6 23. Rxd8+ Kxd8
$11 {Die Stellung ist ausgeglichen.} 24. f4 (24. h4 {Ein anderer Versuch mit
der Idee, dem Schwarzen eine statische Schwäche auf g5 zu machen.} h5 $1 {
Das Beste und Einfachste!} 25. hxg5 (25. gxh5 $2 Rxh5 26. hxg5 Rxg5+ 27. Kf2
Rxe5 $15) 25... hxg4 26. fxg4 (26. f4 $4 Rh1+ 27. Kf2 g3+ $19) 26... Rh1+ 27.
Kf2 Rxf1+ 28. Kxf1 Bf3 $11) 24... Ke7 $1 {Schwarz zeigt gute Nerven. Es gibt
keinen Grund, Angst vor 25.f5 zu haben.} (24... gxf4 25. Bh4+ Kd7 26. Rxf4 Rh7
27. Bf2 b6 28. Be3 $14) 25. Bf2 (25. f5 $2 {wäre ein böser Fehler gewesen.
Schwarz kommt sofort zum Gegenangriff - es ist niemals zu vergessen, dass die
weißen Bauern am Damenflügel sehr anfällig sind!} Rd8 26. Bf2 b6 27. Be3 Rd3
28. Kf2 Rc3 $15 {/\Be4}) 25... b6 26. Be3 gxf4 27. Rxf4 h5 28. Rf6 (28. gxh5
Rxh5 $15 {Beide weißen Bauern sind angegriffen.}) 28... Bd7 29. Bg5 Ke8 30. Rf2
Rg8 (30... hxg4 31. h4 {führt zur Partiestellung}) 31. Bf6 hxg4 32. h4 {
Trotz des Mehrbauern kann Schwarz nicht auf Gewinn spielen, weil der weiße
Läufer und der h-Bauer eine Gefahr darstellen.} g3 33. Rf3 Rg4 34. Rd3 (34. h5
$5 {würde das Partieergebnis wohl nicht ändern, aber Schwarz noch ein paar
kleinere Probleme stellen.} Bc6 35. h6 Be4 36. Re3 Bb1 37. Re1 Bf5 38. Rd1 Rd4
$11) 34... Rd4 35. Rxg3 Rg4 36. Kf2 Rxg3 37. Kxg3 Bf5 {Weiß bringt den Bauern
nach h6, Schwarz seinen König nach g8, wonach die beiden Läufer die
gegnerischen Bauern am Damenflügel erledigen.} 1/2-1/2

[Event "Olympiad-38"]
[Site "Dresden"]
[Date "2008.11.23"]
[Round "10"]
[White "Adams, Michael"]
[Black "Wang, Yue"]
[Result "1/2-1/2"]
[WhiteElo "2734"]
[BlackElo "2736"]
[Annotator "Kritz,L"]
[PlyCount "63"]
[EventDate "2008.11.13"]
[EventType "team-swiss"]
[EventRounds "11"]
[EventCountry "GER"]
[SourceTitle "CBM 128"]
[Source "ChessBase"]
[SourceDate "2009.01.28"]
[SourceVersion "1"]
[SourceVersionDate "2009.01.28"]
[SourceQuality "1"]
[WhiteTeam "England"]
[BlackTeam "China"]
[WhiteTeamCountry "ENG"]
[BlackTeamCountry "CHN"]

1. e4 e5 2. Nf3 Nc6 3. Bb5 Nf6 {Die Berliner Mauer wurde sehr populär nach dem
Londoner Match Kasparov - Kramnik, 2000. Bis heute tut sich Weiß sehr schwer,
die schwarze Verteidigung zu durchbrechen.} 4. O-O (4. d3 {ist eine
alternative Fortsetzung. Man bekommt spielbare Stellungen, doch keinen
Eröffnungsvorteil.} Bc5 (4... d6 $5 5. O-O Be7 6. c3 O-O 7. Re1 a6 8. Ba4 b5 9.
Bc2 Re8 $132 {Es entsteht ein typischer Spanier mit d3.}) 5. Bxc6 (5. O-O d6 6.
c3 O-O 7. Nbd2 a6 8. Ba4 Ba7 $132 {Wiederum hat Schwarz wenig zu befürchten.})
5... dxc6 6. Be3 Qe7 (6... Bxe3 $2 {verbessert die weiße Bauernstruktur und
öffnet die f-Linie.} 7. fxe3 Qe7 8. O-O Ng4 9. Qd2 f6 10. Nh4 g6 11. Nc3 Bd7
12. Rf3 f5 13. g3 Nf6 14. exf5 g5 15. Ng2 e4 16. Nxe4 Nxe4 17. dxe4 O-O-O 18.
Qa5 $16 {Sutovsky - Carlsen (Crete, 2007)}) 7. Bxc5 Qxc5 8. Nc3 Bg4 9. h3 Bxf3
10. Qxf3 O-O {Schwarz hat keine Schwierigkeiten.} 11. O-O-O a5 12. Qf5 Rfd8 13.
Rhf1 a4 14. a3 b5 $132 {Sutovsky - Aronian (Caleta, 2005)}) 4... Nxe4 5. d4 (5.
Re1 {Das ist eine bekannte Remisvariante:} Nd6 6. Nxe5 Nxe5 7. Rxe5+ Be7 8. Bf1
(8. Bd3 O-O 9. Nc3 c6 10. b3 Ne8 11. Bb2 d5 12. Qh5 Nf6 13. Qh4 Be6 $11) 8...
O-O 9. d4 Bf6 10. Re1 Nf5 11. c3 d5 $11 {Bei symmetrischer Bauernstruktur ist
das Maximum, was beide Seiten erreichen können, der kollektive Abtausch aller
Figuren.}) 5... Nd6 6. Bxc6 dxc6 7. dxe5 Nf5 8. Qxd8+ Kxd8 9. Nc3 Ke8 {Die
"Neutralisierungsvariante". Schwarz stellt sich passiv hin, baut jedoch eine
unantastbare Festung auf. Auf Gewinn kann man diese Variante leider nicht
spielen, im Remissinne ist sie jedoch ideal.} ({Eine andere prinzipielle
Fortsetzung ist} 9... Bd7 10. h3 (10. b3 Kc8 11. Bb2 Be7 12. Rad1 a5 $132)
10... h6 11. b3 Kc8 12. Bb2 b6 13. Rad1 Ne7 14. Rd2 c5 15. Rfd1 Be6 $132) 10.
h3 Be7 (10... Ne7 {Zuletzt hat dieser Zug wieder an Popularität gewonnen, aber
ich verstehe nicht warum. Das ist eine verschlechterte Version der 10....Be7
Variante - Schwarz steht ebenfalls passiv, gibt dabei Weiß Chancen zu spielen.
Dagegen führt 10....Be7 die Partie bei normalem Spielverlauf zum
unausweichlichen Remisresultat.} 11. Ne4 Ng6 12. Re1 h6 13. Bd2 $14 {Weiß hat
sich entwickelt, Schwarz steht immer noch auf der Grundreihe.}) 11. g4 (11. Bg5
Bxg5 12. Nxg5 h6 $1 {Es is wichtig, den gegnerischen Springer gleich zu
vertreiben.} 13. Nf3 (13. Nge4 b6 14. Rfd1 Ke7 15. Kh2 h5 16. Ne2 Re8 17. Nf4
Kf8 18. Nxh5 Rxe5 19. Nhg3 Be6 20. Rd2 {1/2-1/2 Anand - Kramnik (Leon, 2002).
Ich denke, Schwarz steht hier sogar etwas besser. Der weiße h-Bauer ist sehr
weit von dem kritischen Feld h8 entfernt, während die schwarzen Türme mit dem
Läufer am Damenflügel für einige Unannaehmlichkeiten sorgen könnten.}) 13... h5
14. Rad1 (14. Ne2 Ke7 15. Nf4 g6 $1 16. Rad1 Ng7 17. Rfe1 Rd8 18. Rxd8 Kxd8 19.
Ng5 Ke7 20. Rd1 a5 21. a4 Bf5 $132 {Timman - Kritz (Amsterdam, 2002)}) 14...
Ke7 15. Ng5 Be6 16. Nxe6 fxe6 17. Rd3 Rad8 18. Rfd1 Rxd3 19. Rxd3 h4 $11 {
Shirov - Alekseev (Moscow, 2008) Wie üblich in dieser Stellung: der schwarze
Bauer h4 neutralisiert die weiße Überlegenheit am Königsflügel und die
Stellung ist ausgeglichen.}) 11... Nh4 12. Nxh4 Bxh4 13. Kg2 h5 14. f3 Be6 ({
Eine andere Verteidigungsmethode ist} 14... a5 {um die weißen Bauern zu
zwingen, weiße Felder einzunehmen.} 15. a4 b6 16. Rd1 Be7 17. Ne2 Bd7 18. Bf4
c5 19. Bg3 Rd8 20. c4 Bc8 21. b3 Rxd1 22. Rxd1 hxg4 23. hxg4 Bd8 $14 {
Kotronias - Kritz (Port Erin, 2007). Weiß hat einen symbolischen Vorteil und
Schwarz muss die ganze Partie leiden, doch bei korrekter Verteidigung kann man
Remis halten. Es ist jedoch zu empfehlen, wie Wang Yue gegen Adams zu spielen
- dort ist es einfacher, das Remis zu erreichen.}) 15. Be3 Be7 {Das is die
Grundstellung der gesamten Variante mit 9....Ke8-Be7.Es galt lange Zeit, dass
Schwarz den weißfeldrigen Läufer nicht geben sollte. Doch es scheint, dass man
in China das Endspiel bis zum Ende analysiert hat und rausgefunden hat, dass
sogar der Tausch auf e6 das Remis sichert. Das sind gute Nachrichten für die
Berlin-Anhänger!} 16. Ne2 Rd8 $1 (16... Bc4 17. Rfe1 Rd8 18. Nf4 hxg4 19. hxg4
$14 {Die Stellung ist nicht so einfach wie man denkt - hier hat Weiß nämlich
einen richtig unangenehmen Vorteil! Der Punkt ist, dass Schwarz noch nicht ein
Turmpaar getauscht hat und Weiß deswegen mittels 20.Rh1! über die h-Linie
kommen kann.}) 17. Nf4 g6 $1 {Wenn das wirklich funktioniert, ist die Variante
für Weiß geschlossen! Wenn die Stellung nach dem Nehmen auf e6 zu halten ist,
dann kann man hier nichts machen - außer dem Nehmen auf e6 hat Weiß keinen
Plan.} 18. Rfd1 (18. gxh5 $2 {Hier wird Weiß noch besser empfangen...} Bf5 $3
19. hxg6 fxg6 {/\g5! xh3} 20. Rh1 Bxc2 (20... Kf7 $5 21. Rac1 Rh4 $44) 21. Ne6
Rd3 22. Rae1 Bb4 23. Nf4 Rd7 24. Re2 Bf5 $15) (18. Nxe6 fxe6 {Dieser Stellung
werden wir später noch begegnen.}) 18... a6 19. b3 Rd7 20. Nd3 Kd8 21. Nc5 Rxd1
$1 ({Sehr verdächtig sieht das Endspiel nach} 21... Bxc5 22. Bxc5 b6 23. Rxd7+
Kxd7 24. Rd1+ Kc8 (24... Ke8 25. Be3 c5 26. Bg5 Bd7 27. Bf6 $16) 25. Be7 c5 26.
Bf6 Rg8 27. Kg3 $16 {aus. Weiß kommt mit dem König am Königsflügel. Falls
Schwarz auf g4 nimmt, nimmt Weiß mit dem f-Bauern zurück und startet mit h4-h5.
..}) 22. Rxd1+ Kc8 23. c4 {Eine Neuerung, die eher eine Verschlechterung der
Variante ist. Der beste Versuch von Weiß ist es, auf e6 zu nehmen, wie es
schon mal in einer Partie der beiden Kontrahenten einen Monat früher geschah.}
(23. Nxe6 fxe6 24. f4 (24. c4 b5 25. Kg3 Rh7 {Schwarz wartet den Zug f4 ab, um
auf g4 zu nehmen. Ohne f4 kann Weiß nicht zurechtkommen.}) 24... b5 25. Bf2 Rh7
26. Rd3 hxg4 27. hxg4 Rh8 28. Rh3 Rxh3 29. Kxh3 Kd7 {Das ist die kritische
Stellung. Ist das Endspiel remis, so ist die Variante sehr solide für Schwarz.
Ich sehe nicht, wie man das weiße Spiel verstärken könnte:} 30. c4 Bb4 31. Kg2
(31. Kh4 Be7+ $11) 31... Ke8 32. Kf3 Bd2 33. Ke4 Bb4 34. Bh4 Bd2 35. Bf2 Bb4
36. Kd3 Kd7 37. Be3 Ba5 38. Bd2 Bb6 39. Be3 Ba5 40. a3 Be1 41. Bc5 Bg3 42. Ke3
Bh4 43. Bb4 Kd8 44. Kf3 Kd7 45. Kg2 Ke8 46. Kf3 Kd7 47. Ke4 Bf2 48. f5 gxf5+
49. gxf5 exf5+ 50. Kxf5 bxc4 51. bxc4 Bd4 {Soweit kommt es mehr oder weniger
forciert. Beide Seiten können diese Stellung nicht vermeiden.} 52. Kf6 ({
Der andere Versuch zu gewinnen basiert auf dem Zug e6, früher oder später.} 52.
e6+ Ke8 53. Bd2 Bc5 54. a4 Bd6 55. Bf4 Kf8 $11) (52. a4 Be3 53. Be1 Bd4 54. Bg3
Ke7 55. Bh4+ Kd7 56. Bg3 Ke7 57. e6 Kd8 58. Kg6 Ke7 59. Kf5 Kd8 60. Bh4+ Ke8
$11 {Es gibt kein Durchkommen!}) 52... Bb2 53. Bc5 Bc3 54. Kf5 Bb2 55. Kf6 Bc3
56. Be3 Bb2 57. a4 Bc3 58. Bf4 Ke8 59. Ke6 Bb4 60. Be3 Ba5 61. Bc5 Bc3 62. Be3
Ba5 63. Bf4 {1/2-1/2 Adams,M (2734)-Wang Yue (2736)/Kallithea GRE 2008}) 23...
Bxc5 $1 {Jetzt ist die Spannung schnell vorbei!} 24. Bxc5 Rd8 $1 {Weiß kann
dem Turmentausch nicht ausweichen, das Endspiel mit ungleichfarbigen Läufern
ist ohne Türme absolut remis!} 25. Rxd8+ Kxd8 26. Kg3 b5 27. gxh5 gxh5 28. Kh4
Kd7 (28... bxc4 29. bxc4 $11 {ändert nichts an dem Partieergebnis.}) 29. Kxh5
Bxh3 30. Kg5 Ke6 (30... bxc4 31. bxc4 Bf1 32. Kf6 Bxc4 33. a3 $11) 31. Kf4 bxc4
32. bxc4 1/2-1/2

[Event "Tata Steel-A 74th"]
[Site "Wijk aan Zee"]
[Date "2012.01.20"]
[Round "6"]
[White "Topalov, Veselin"]
[Black "Ivanchuk, Vassily"]
[Result "1/2-1/2"]
[WhiteElo "2770"]
[BlackElo "2766"]
[Annotator "Kritz,L"]
[PlyCount "118"]
[EventDate "2012.01.14"]
[EventType "tourn"]
[EventRounds "13"]
[EventCountry "NED"]
[EventCategory "21"]
[SourceTitle "CBM 147"]
[Source "ChessBase"]
[SourceDate "2012.03.16"]
[SourceVersion "1"]
[SourceVersionDate "2012.03.16"]
[SourceQuality "1"]

1. e4 e5 2. Nf3 Nc6 3. Bb5 Nf6 4. O-O Nxe4 5. d4 Nd6 6. Bxc6 dxc6 7. dxe5 Nf5
8. Qxd8+ Kxd8 9. Nc3 Be6 {Dieser Zug wird sehr selten gespielt.} 10. Rd1+ (10.
Ng5 {Hier hat Schwarz etwas Verrücktes vorbereitet:} Ke7 $1 {Solch ein Zug
kommt wirklich unerwartet, doch schlecht ist er nicht!} 11. b3 (11. Nxe6 Kxe6
$1 $132 {Im Endspiel fühlt sich der König im Zentrum sehr wohl.}) 11... h6 12.
Ba3+ Kd7 (12... Ke8 13. Nxe6 fxe6 14. Bxf8 Rxf8 15. Rad1 Ke7 16. Rd3 Rad8 17.
Rfd1 $14 {Grigoryan - Hovhannisyan (Yerevan, 2011)}) 13. Rad1+ Kc8 {Mit seinen
Manövern hat Schwarz einen Tausch erzwungen.} 14. Nxe6 (14. Bxf8 hxg5 15. Ba3
g4 $1 16. Ne4 b6 17. Ng5 c5 $11) 14... Bxa3 15. Nf4 Re8 16. g4 (16. Nd3 a5 17.
Ne2 a4 $132 {Ter Sahakyan - Pashikian (Martuni, 2010)}) 16... Ne7 17. Nb1 Bc5
18. Nd3 Bb6 19. Kg2 a5 $132 {Ramesh - Aleksandrov (Dubai, 2001)}) 10... Ke8 (
10... Kc8 11. Ng5 Bc5 (11... Bc4 12. b3 Bb4 13. bxc4 Bxc3 14. Rb1 Bxe5 15. Nxf7
$14 {Balogh - Buhmann (Remagen, 2010)}) 12. b3 Bd4 $1 13. Bb2 Bxc3 14. Bxc3 Bd5
15. Nh3 b6 16. Nf4 Be6 17. f3 a5 18. a4 Ne3 19. Rd2 Rd8 20. Rc1 Kb7 $11 {
Azarov - Babula (Plovdiv, 2010)}) 11. Ng5 Bc8 {Es ist interessant, dass
Ivanchuk zuerst den Läufer dem Tausch entzieht, doch danach trotzdem gezwungen
wird, die Stellung mit dem Bauern auf e6 zu spielen.} (11... Be7 12. Nxe6 fxe6
13. Ne4 c5 14. c3 h5 15. Ng5 Bxg5 16. Bxg5 Ne7 17. Rd2 Rd8 18. Rxd8+ Kxd8 19.
Rd1+ Ke8 20. f4 Nc6 21. Kf2 g6 $11 {Georgiadis - Drazic (Kavala, 2007). Diese
Stellung mit dem Springer gegen Läufer ist bekannterweise remis.}) 12. Ne2 a5 (
12... Be7 13. h3 Nh4 14. Nd4 h6 15. Ne4 Ng6 16. f4 h5 17. Rd3 Bd7 18. Bd2 c5
19. Nf3 Bf5 20. Re1 b6 21. c4 {1/2-1/2 Sakaev - Kharlov (Zvenigorod, 2008)})
13. a4 $2 {Weiß spielt mit Schwarz, nicht gegen Schwarz. Die Bauern müssten
nur dann auf die weißen Felder gestellt werden, wenn sie dazu gezwungen sind.
Sonst muss man sich auf sein Spiel am Königsflügel konzentrieren.} b6 14. b3 c5
15. Bb2 Be7 16. Ne4 {Schwarz hat alles erreicht, was er nur erreichen konnte,
und Weiß hat kein Spiel bekommen.} Be6 {16....Bb7 kommt in Frage.} (16... Bb7
$5 17. N2g3 (17. N2c3 Nd4 $15) 17... Nxg3 18. Nxg3 Rd8 $11 19. Nf5 $6 {führt
zu Komplikationen, die besser für Schwarz sind.} Be4 $1 20. Nxg7+ Kf8 21. e6
Bxc2 22. Rd7 Rxd7 23. exd7 f6 24. Ne6+ Kf7 $15) 17. Nf4 h5 {Ivanchuk
entscheidet sich doch für die Stellung mit dem Bauern auf e6.} 18. g3 Rd8 19.
Rxd8+ Kxd8 20. Rd1+ Kc8 21. Nxe6 {Früher oder später, aber Weiß muss auf e6
nehmen.} fxe6 22. Kf1 Rd8 {Der Koenig am Damenfluegel sieht traurig aus. Der
Turmtausch ist der einzige Weg, ihn ins Spiel zu bringen.} 23. Rxd8+ Bxd8 {
Das ist eine typische Stellung fuer Berliner Mauer. Weiss kann schwarze
Festung nicht durchbrechen, doch Schwarz muss vorsichtig spielen. Das schlimme
fuer Schwarz ist, dass er sich passiv verteidigen muss.} 24. Ke2 Kd7 25. Kd3
Ne7 {Der Springer will nach d5 und dann weiter nach b4.} 26. f4 (26. c4 Nc6 $11
{Schwarz will, dass Weiss das Feld d4 schwaecht, so dass sein Springer dort
eindringen kann, falls der Laeufer von b2 weg zieht.}) 26... Nd5 27. c3 Be7 28.
Bc1 Bd8 29. Bd2 Kc6 30. c4 Ne7 {Natuerlich nicht Nb4!} (30... Nb4+ 31. Bxb4
cxb4 32. h3 Kd7 33. g4 hxg4 34. hxg4 g6 35. c5 Be7 36. cxb6 cxb6 37. Kc4 $16)
31. Ng5 Kd7 {Weiss hat einen einzigen Plan - h3-g4-f5.} 32. Ke4 Nf5 33. Nf3 Ke8
34. Be1 {Nun kommt Weiss zu h3.} Kf7 35. h3 Nh6 36. Bf2 Be7 37. Be3 g6 38. Nh2
{Schwarz kann g4 nicht verhindern, aber das muss er auch nicht.} Ke8 39. Nf3 (
39. g4 hxg4 40. hxg4 (40. Nxg4 Nf5 $11) 40... Bh4 $11) 39... Kf7 40. Ng1 Bd8
41. Ne2 Ke8 42. Nc3 Kd7 43. Kf3 {Was Weiss da macht ist nicht ganz klar...} Nf5
44. Ne2 Ne7 45. Ke4 Nf5 46. g4 $1 {Endlich!} hxg4 47. hxg4 Nh6 48. Kf3 Bh4 49.
Nc3 $1 {Weiss muss auch aufpassen, was er da macht.} (49. f5 $2 {Sieht so aus,
als ob Weiss gleich gewinnen wuerde, doch es ist nicht so eindeutig wie es auf
den ersten Blick aussieht.} g5 $1 50. f6 {Gezwungen.} (50. fxe6+ Kxe6 $17)
50... Nf7 51. Ke4 Nh6 52. Kf3 Nf7 $11 {Und Schwarz forciert Remis!}) 49... Be1
50. Ne4 Nf7 {Weiss kann nie zu f5 kommen, das ist das Problem.} 51. Ke2 Bh4 52.
g5 Nd8 53. Nf6+ Ke7 54. Ng4 Nc6 55. Nh2 Kd7 56. Nf3 Bg3 57. Kd3 {Auch den
Laeufer fangen kann Weiss nicht.} (57. Kf1 Ne7 58. Kg2 Nf5 $11) 57... Ne7 58.
Ke4 Nf5 {Keine Chance zum Gewinnen.} 59. Kd3 Kc6 1/2-1/2